| 000 | 00759nam a22002057a 4500 | ||
|---|---|---|---|
| 003 | DO-SdBNP | ||
| 005 | 20220725094409.0 | ||
| 008 | 190722s1967 a 000 spa d | ||
| 040 |
_aDO-SdBNP _bspa _cBNPHU |
||
| 082 |
_axxxxx _bV794m |
||
| 100 |
_aVincent Cepeda, Altagracia Victoria _944146 |
||
| 245 | 0 |
_aManual de preceptiva literaria y "literatura Española" : _bpara el 3er. curso del bachillerato (desarrollado conforme al programa vigente) _cAltagracia Victoria Vincet Cepeda |
|
| 260 |
_aSanto Domingo, _bDel Caribe _c1967. |
||
| 300 |
_a303 p. _bil. _c23 cm. |
||
| 521 | _a3er. bachillerato. | ||
| 590 | _aInventariado, 2022/ YL | ||
| 590 | _aPerteneció a la biblioteca personal de Bárbara Suncar. | ||
| 910 | _aYLockward | ||
| 942 |
_2ddc _cLBS1 |
||
| 999 |
_c48606 _d48606 |
||